Tableau périodique - Statistiques

Statistiques générales
  • Ce quiz a été pris 39 fois
  • Le résultat moyen est 39 sur 118
Statistiques - réponses
Numéro atomique Masse atomique Nom de l’élément % Correct
1 1,01 Hydrogène
94%
79 196,97 Or
91%
8 16,00 Oxygène
91%
47 107,87 Argent
88%
26 55,85 Fer
85%
7 14,01 Azote
79%
6 12,01 Carbone
79%
2 4,00 Hélium
76%
13 26,98 Aluminium
70%
18 39,95 Argon
70%
17 35,45 Chlore
70%
11 22,99 Sodium
70%
3 6,94 Lithium
67%
19 39,10 Potassium
67%
16 32,07 Soufre
67%
5 10,81 Bore
64%
9 19,00 Fluor
61%
12 24,31 Magnésium
61%
10 20,18 Néon
61%
29 63,55 Cuivre
58%
14 28,09 Silicium
58%
92 238,03 Uranium
58%
4 9,01 Béryllium
55%
54 131,30 Xénon
55%
30 65,39 Zinc
55%
15 30,97 Phosphore
52%
20 40,08 Calcium
48%
84 (209) Polonium
48%
25 54,94 Manganèse
45%
88 (226) Radium
45%
35 79,90 Brome
42%
24 52,00 Chrome
42%
87 (223) Francium
42%
80 200,59 Mercure
42%
82 207,20 Plomb
42%
31 69,72 Gallium
39%
53 126,90 Iode
39%
36 83,80 Krypton
39%
99 (252) Einsteinium
36%
50 118,71 Étain
36%
32 72,59 Germanium
36%
78 195,09 Platine
36%
94 (244) Plutonium
36%
86 (222) Radon
36%
34 78,96 Sélénium
36%
22 47,90 Titane
36%
28 58,71 Nickel
33%
46 106,40 Palladium
33%
81 204,37 Thallium
33%
74 183,85 Tungstène
33%
39 88,91 Yttrium
33%
33 74,92 Arsenic
30%
85 (210) Astate
30%
56 137,33 Baryum
30%
27 58,93 Cobalt
30%
45 102,91 Rhodium
30%
23 50,93 Vanadium
30%
51 121,75 Antimoine
27%
63 151,96 Europium
27%
77 193,22 Iridium
27%
93 (237) Neptunium
27%
40 91,22 Zirconium
27%
95 (243) Américium
24%
83 208,98 Bismuth
24%
48 112,41 Cadmium
24%
98 (251) Californium
24%
55 132,91 Césium
24%
42 95,94 Molybdène
24%
38 87,62 Strontium
24%
96 (247) Curium
21%
68 167,26 Erbium
21%
72 178,49 Hafnium
21%
49 114,82 Indium
21%
73 180,95 Tantale
21%
52 127,60 Tellure
21%
117 (292) Tennesse
21%
57 138,91 Lanthane
18%
41 92,91 Niobium
18%
76 190,20 Osmium
18%
75 186,21 Rhénium
18%
37 85,47 Rubidium
18%
21 44,96 Scandium
18%
65 158,93 Terbium
18%
70 173,05 Ytterbium
18%
107 (272) Bohrium
15%
58 140,12 Cérium
15%
66 162,50 Dysprosium
15%
108 (270) Hassium
15%
101 (258) Mendélévium
15%
115 (288) Moscovium
15%
104 (267) Rutherfordium
15%
90 232,04 Thorium
15%
112 (285) Copernicium
12%
110 (281) Darmstadtium
12%
100 (257) Fermium
12%
64 157,25 Gadolinium
12%
103 (262) Lawrencium
12%
60 144,24 Néodyme
12%
102 (259) Nobélium
12%
59 140,91 Praséodyme
12%
61 (145) Prométhium
12%
44 101,07 Ruthénium
12%
43 98,91 Technétium
12%
69 168,93 Thulium
12%
89 (227) Actinium
9%
114 (289) Flérovium
9%
67 164,93 Holmium
9%
116 (293) Livermorium
9%
71 174,97 Lutécium
9%
113 (284) Nihonium
9%
118 (294) Oganesson
9%
111 (280) Roentgenium
9%
62 150,36 Samarium
9%
106 (271) Seaborgium
9%
97 (247) Berkélium
6%
105 (268) Dubnium
6%
109 (276) Meitnerium
6%
91 231,04 Protactinium
6%
Aucun quiz correspondant
Distribution des résultats
% des personnes avec chaque résultat
Percentile par nombre de réponses
Votre historique - résultats
Vous n’avez pas pris ce quiz